Projekt výroby diskov z hliníkovýh zliatin pre osobné vozidlá : Diplomová práca

Salvato in:
Dettagli Bibliografici
Autore principale: Žiak, Jozef (Autore)
Altri autori: Mäsiar, Harold (xxx)
Natura: Manoscritto Libro
Lingua:slovacco
Pubblicazione: Trnava : SVŠT v Bratislave StF KZZaPM, 1987
Soggetti:
Tags: Aggiungi Tag
Nessun Tag, puoi essere il primo ad aggiungerne!!

MARC

LEADER 00000ntm a22000003a 4500
001 stu92241
005 20160719162643.9
008 050107s1987----cs------------------slo-d
040 |a STU  |b slo 
041 0 |a slo 
044 |a cs 
100 1 |a Žiak, Jozef  |4 aut 
245 1 |a Projekt výroby diskov z hliníkovýh zliatin pre osobné vozidlá :  |b Diplomová práca 
260 |a Trnava :  |b SVŠT v Bratislave StF KZZaPM,  |c 1987 
300 |a 47 s  |c príl 
650 7 |a strojárska technológia  |2 stusub 
700 1 |a Mäsiar, Harold  |4 xxx  |u M  |T MTF Materiálovotechnologická fakulta  |U M  |Y 60 
996 |b 284M043036  |c M*DP-2642  |l MMSKP  |s P  |a 0  |w stu92241_0001